000
00207 a2200097 4500
001
10912
100
_a
Abdul Qadir Saddiquie
245
_a
Makhsous-ull-Hukam
260
_a
_b
Alkitab
_c
090
_c
8483
_d
8483
942
_a
NUST-CAE
_c
M
_c
35248
999
_c
245985
_d
245985